000 01390cam a22003857a 4500
003 CHAP
005 20220817040849.0
008 971013s1990 r 00010 d
010 _a1693
011 _a2665
035 _a1860
040 _cCHAP
090 _aTesis
100 0 0 _aTafoya García, Pedro.
_9111337
245 0 _aAlternativas óptimas de producción en la Unidad de Producción "18 de Julio" de la UACH
260 _aChapingo, Méx. :
_bEl autor,
_c1990.
300 _a60 h.
_e+ 6 anexos
502 _aTesis (Ing. Agr. Esp. en Economía Agrícola) -- UACH. Departamento de Economía Agrícola
590 _aALEPH
_b10
_c20130110
_lUCH01
_h1209
590 _aBATCH-UPD
_b10
_c20130109
_lUCH01
_h2347
590 _aBATCH-UPD
_b10
_c20130110
_lUCH01
_h0210
590 _aBATCH-UPD
_b10
_c20130110
_lUCH01
_h1156
590 _aBATCH-UPD
_b10
_c20130409
_lUCH01
_h1918
590 _aBATCH-UPD
_b10
_c20130410
_lUCH01
_h0739
590 _aBATCH-UPD
_b10
_c20130914
_lUCH01
_h0050
590 _aCONVERSION
_b10
_c20130109
_lUCH01
_h1302
650 1 4 _aAgricultura
_xDurango.
_91407
650 1 4 _aGanadería
_xDurango.
_944689
650 1 4 _aLeche
_xProducción.
_965400
650 1 4 _aProcesamiento automático de datos en agricultura.
_991751
650 1 4 _aProcesamiento automático de datos en ganadería.
901 _aBK
942 _cTESIS
949 _bBC
_cTES
_d-11354
_eTS1
_h23323
_i1860
_si
999 _c1693
_d1693